00481 2200181 4500001002100000005001500021008004100036020001800077035001900095041000700114082001000121090001600131100001600147245003900163260004700202300001800249650003200267INLIS00000000001579920241224115013241224||||||||| | ||| |||| || |  a979-15406-9-1 0010-1224015799 aid0 a577.2 a577.2 TED p0 aTedi Ruhiat00aPolusi Udara Ancaman Abad Sekarang aJakarta PusatbCitra Cipta Purwosaric2006 a87hlm;14x21cm 0aIlmu ilmu tentang kehidupan